Performance of broilers (Gallus gallus domesticus) as affected by different medicinal plant extracts / (Record no. 5732)
[ view plain ]
| 000 -LEADER | |
|---|---|
| fixed length control field | 02056naa a2200313Ia 4500 |
| 003 - CONTROL NUMBER IDENTIFIER | |
| control field | OSt |
| 005 - DATE AND TIME OF LATEST TRANSACTION | |
| control field | 20260413082615.0 |
| 008 - FIXED-LENGTH DATA ELEMENTS--GENERAL INFORMATION | |
| fixed length control field | 260413s2013 xx 000 0 und d |
| 040 ## - CATALOGING SOURCE | |
| Original cataloging agency | Foundation University |
| Language of cataloging | eng |
| Transcribing agency | Foundation University |
| Description conventions | rda |
| 050 ## - LIBRARY OF CONGRESS CALL NUMBER | |
| Classification number | CoA (AnSci-Th) LG 221 D35 A37 |
| Item number | A5 A38 2010 D35 |
| 099 ## - LOCAL FREE-TEXT CALL NUMBER (OCLC) | |
| Classification number | 1036 |
| 100 ## - MAIN ENTRY--PERSONAL NAME | |
| Personal name | Daligdig, Aiza Ann |
| 9 (RLIN) | 1996 |
| Relator term | author |
| 245 10 - TITLE STATEMENT | |
| Title | Performance of broilers (Gallus gallus domesticus) as affected by different medicinal plant extracts / |
| Statement of responsibility, etc. | by Aiza Ann Daligdig |
| 264 ## - PRODUCTION, PUBLICATION, DISTRIBUTION, MANUFACTURE, AND COPYRIGHT NOTICE | |
| Place of production, publication, distribution, manufacture | Dumaguete City |
| Name of producer, publisher, distributor, manufacturer | Foundation Uiniversity, |
| Date of production, publication, distribution, manufacture, copy right date | 2010. |
| Copyright Date | 2010. |
| 300 ## - PHYSICAL DESCRIPTION | |
| Extent | xv, 71 leaves : |
| Materials specified | volume |
| Other physical details | ill. (col.) ; |
| Dimensions | 28 cm. |
| Type of unit | resource |
| 336 ## - CONTENT TYPE | |
| Source | rdacontent |
| Content type term | text |
| Content type code | txt |
| 337 ## - MEDIA TYPE | |
| Source | rdamedia |
| Media type term | unmediated |
| Media type code | n |
| 338 ## - CARRIER TYPE | |
| Materials specified | rdacarrier |
| Carrier type term | volume |
| Carrier type code | nc |
| 500 ## - GENERAL NOTE | |
| General note | A study on the effects of medicinal plant extracts on broiler performance. |
| 502 ## - DISSERTATION, THESIS NOTE | |
| Dissertation note | Undergraduate Field practice (Bachelor of Science in Agriculture Major in Animal Science) -- Foundation University, 2010. |
| 504 ## - BIBLIOGRAPHY, ETC. NOTE | |
| Bibliography, etc. note | Includes bibliographical references appendices <br/> |
| 520 ## - ABSTRACT, SUMMARY, ETC. | |
| Abstract, Summary, etc. | This study evaluates the performance of broiler chickens (Gallus gallus domesticus) as affected by different medicinal plant extracts. It examines the effects of incorporating plant-based extracts into broiler diets on growth rate, feed intake, feed conversion efficiency, and overall health. The research aims to determine the potential of medicinal plants as natural alternatives to synthetic growth promoters in poultry production. The findings provide insights into improving poultry performance while promoting sustainable and environmentally friendly farming practices. |
| 650 ## - SUBJECT ADDED ENTRY--TOPICAL TERM | |
| Topical term or geographic name entry element | Broilers (Chickens) |
| 9 (RLIN) | 15500 |
| General subdivision | Feeding and feeds. |
| 650 ## - SUBJECT ADDED ENTRY--TOPICAL TERM | |
| Topical term or geographic name entry element | Medicinal plants. |
| 9 (RLIN) | 15476 |
| 650 ## - SUBJECT ADDED ENTRY--TOPICAL TERM | |
| Topical term or geographic name entry element | Poultry |
| General subdivision | Nutrition. |
| 9 (RLIN) | 14407 |
| 650 ## - SUBJECT ADDED ENTRY--TOPICAL TERM | |
| Topical term or geographic name entry element | Animal production. |
| 9 (RLIN) | 14406 |
| 658 ## - INDEX TERM--CURRICULUM OBJECTIVE | |
| Main curriculum objective | Field Practice : |
| Subordinate curriculum objective | Agriculture Major in Animal Science, Bachelor of Science in ; |
| Curriculum code | ASC 48A. |
| 942 ## - ADDED ENTRY ELEMENTS (KOHA) | |
| Source of classification or shelving scheme | Library of Congress Classification |
| Koha item type | Thesis |
| Classification part | LG 221 D35 A37 |
| Item part | A5 A38 2010 D35 |
| Call number prefix | CoA (AnSci-Th) |
| Withdrawn status | Lost status | Source of classification or shelving scheme | Damaged status | Not for loan | Home library | Current library | Shelving location | Date acquired | Source of acquisition | Total Checkouts | Full call number | Barcode | Date last seen | Price effective from | Koha item type | Accession Number |
|---|---|---|---|---|---|---|---|---|---|---|---|---|---|---|---|---|
| Library of Congress Classification | Foundation University Library | Foundation University Library | Undergraduate Thesis | 04/13/2026 | Donated | CoA (AnSci-Th) LG 221 D35 A37 A5 A38 2010 D35 | 56970 | 04/13/2026 | 04/13/2026 | Thesis | AnSci-Th-2026035 |
